Tolkien - The Oath of Feanor - Statistics

General Stats
  • This quiz has been taken 15 times
  • The average score is 66 of 109
Answer Stats
Answers % Correct
a
100%
Be
100%
be
100%
the
100%
foe
90%
friend
90%
he
90%
Man
90%
Morgoth
90%
or
90%
Silmaril
90%
Vala
90%
we
90%
and
80%
Feanor
80%
in
80%
Middle-earth
80%
of
80%
On
80%
swear
80%
To
80%
all
70%
bright
70%
darkness
70%
death
70%
Doom
70%
doom
70%
end
70%
Eru
70%
Manwe
70%
not
70%
will
70%
everlasting
60%
hear
60%
if
60%
kin
60%
Maia
60%
Our
60%
our
60%
thou
60%
us
60%
clean
50%
Day's
50%
deed
50%
Elda
50%
ending
50%
ere
50%
foul
50%
from
50%
love
50%
mountain
50%
neither
50%
nor
50%
shall
50%
This
50%
unborn
50%
Varda
50%
yet
50%
Aftercomer
40%
Allfather
40%
brood
40%
deal
40%
faileth
40%
Feanor's
40%
holy
40%
law
40%
swords
40%
unto
40%
upon
40%
vow
40%
whoso
40%
woe
40%
word
40%
world's
40%
afar
30%
casteth
30%
defend
30%
dread
30%
finding
30%
hand
30%
hideth
30%
him
30%
hoardeth
30%
itself
30%
keepeth
30%
league
30%
witness
30%
danger
20%
remember
20%
taketh
20%
No matching quizzes found
Score Distribution
Percent of People with Each Score
Percentile by Number Answered
Your Score History
You have not taken this quiz